000 04453nam a22005657a 4500
005 20090120140859.0
008 090120t xxu||||| |||| 00| 0 eng d
010 _aB-358999
020 _a0060788275
_c250.00, 179.00
020 _a9780060788278
_c250.00, 179.00
035 _aB-358999
035 _aB-336017-030
037 _bBlue Berry
040 _adpl
_bEnglish
082 _aS
100 _aStine, R. L.
245 _aThe rottenest angel /
_cby R.L. Stine ; illustrated by Trip Park
250 _a1st ed.
260 _aNew York
_bHarperCollins
_cc2007
270 _a1350 Avenue of the Americas
_bNew York
_eNY 10019
300 _a112, 4 p. :
_bill., map
_c22 cm.(Hb)
490 _aRotten School ; 10
500 _a"A Parachute Press book."
500 _aIncludes an excerpt from book #11, Punk'd and skunked.
520 _aEveryone at Rotten School loves new student Angel Goodeboy. But as Bernie Bridges discovers, when the teachers aren't watching, his new roommate is no angel.
650 _aBoarding schools
_vJuvenile fiction.
650 _aBoarding school students
_vJuvenile fiction.
650 _aSchools
_vJuvenile fiction.
700 _aPark, Trip
800 _aStine, R. L.
_tRotten School ;
_v10.
942 _2ddc
_cCH
_hS
_mSTI
999 _c21656
_d21656